Countries with left-hand traffic - Statistics

General Stats
  • This quiz has been taken 121 times
  • The average score is 43 of 56
Answer Stats
Continent Country % Correct
Europe United Kingdom
98%
Europe Ireland
96%
Oceania Australia
93%
Asia India
91%
Oceania New Zealand
89%
Africa South Africa
89%
Asia Indonesia
87%
Asia Japan
87%
Asia Pakistan
87%
Oceania Fiji
84%
South America Guyana
83%
Asia Malaysia
83%
South America Suriname
83%
Asia Bangladesh
82%
North America Jamaica
82%
Oceania Samoa
82%
Asia Thailand
80%
Asia Nepal
79%
Oceania Papua New Guinea
79%
Asia Singapore
79%
Asia Bhutan
78%
Europe Malta
78%
North America Antigua and Barbuda
77%
North America Bahamas
77%
North America Barbados
77%
Africa Kenya
77%
Oceania Kiribati
77%
North America Saint Lucia
77%
Africa Tanzania
76%
Africa Zambia
76%
Africa Zimbabwe
76%
Africa Lesotho
74%
Africa Namibia
74%
North America Saint Kitts and Nevis
74%
North America Saint Vincent and the Grenadines
74%
Oceania Tonga
74%
Africa Uganda
74%
Oceania Nauru
73%
Oceania Solomon Islands
73%
Asia Brunei
72%
Asia Sri Lanka
72%
Africa Botswana
71%
North America Dominica
71%
Africa Eswatini
71%
North America Trinidad and Tobago
71%
Oceania Tuvalu
71%
Africa Mozambique
70%
North America Grenada
68%
Asia East Timor
67%
Africa Malawi
66%
Africa Seychelles
65%
Asia China (Hong Kong and Macau)
63%
Africa Mauritius
62%
Asia Maldives
59%
Asia Cyprus
54%
North America United States (U.S. Virgin Islands)
44%
No matching quizzes found
Score Distribution
Percent of People with Each Score
Percentile by Number Answered
Your Score History
You have not taken this quiz